LEADER 00924nam0-22003371i-450- 001 990003234000403321 010 $a82-06750-5 035 $a000323400 035 $aFED01000323400 035 $a(Aleph)000323400FED01 035 $a000323400 100 $a20000920d1983----km-y0itay50------ba 101 0 $aeng 102 $aIT 200 1 $aWealth and Money$eIn the Aristotelian Tradition$eA Study in Scholastic Economic Sources$fOdd Langholm. 210 $aBergen$aOslo$aStavanger$aTromso$cUniversitetsforlaget$d1983. 215 $a110 p.$d21 cm 610 0 $aMoneta 610 0 $aStoria economica 676 $aD/1 676 $aJ/1.1 676 $aJ/1.2 702 1$aLangholm,$bOdd Inge$f<1928- > 801 0$aIT$bUNINA$gRICA$2UNIMARC 901 $aBK 912 $a990003234000403321 952 $aD/1 LAN$b6312$fSES 959 $aSES 996 $aWealth and Money$9448834 997 $aUNINA DB $aING01 LEADER 01118nam0 22002891i 450 001 UON00227331 005 20231205103443.81 100 $a20030730d1983 |0itac50 ba 101 $aita 102 $aIT 105 $a|||| ||||| 200 1 $aMito e mistero nei Campi Flegrei$fMario Sirpettino 210 $aNapoli$cDi Mauro F.$d1983 215 $a123 p.$d22 cm. 316 $aDono Prof. Naldi$5IT-UONSI ARTEARCHEOL.05 606 $aCAMPI FLEGREI$xStoria antica$3UONC048995$2FI 606 $aMitologia classica$3UONC045173$2FI 620 $aIT$dNapoli$3UONL000012 676 $a398.234$cLuoghi leggendari$v21 700 1$aSIRPETTINO$bMario$3UONV137704$037340 712 $aDi Mauro$3UONV275734$4650 801 $aIT$bSOL$c20260213$gRICA 899 $aSIBA - SISTEMA BIBLIOTECARIO DI ATENEO E ARCHIVIO STORICO$2UONSI 912 $aUON00227331 950 $aSIBA - SISTEMA BIBLIOTECARIO DI ATENEO E ARCHIVIO STORICO$dSI ARCHEOL. 05 $eSI FP 16278 7 Dono Prof. Naldi 996 $aMito e mistero nei Campi Flegrei$9854987 997 $aUNIOR